000 00554nam a2200205Ia 4500
005 20250923145929.0
008 008 250917s9999 xx 000 0 eng d
037 _aTextual
040 _aDSWL
_beng
_cDSWL
041 _aeng
_2eng
084 _aY:1:7.2, N93
_qDSWL
100 _aSingh, Yogendra
_9840416
245 0 _aSocial change in India
_c by Yogendra Singh
260 _aNew Delhi
_b Har Anand
_c1993
300 _a239p.
365 _aINR
_b85.00
925 _g85.00
942 _cTEXL
_hY:1:7.2, N93
999 _c1457488
_d1457488